Tuyển tập những bài ca không năm tháng
Đã lưu trong:
| 格式: | 圖書 |
|---|---|
| 出版: |
Huế
Âm nhạc
2014
|
| 版: | Tái bản lần thứ 10 |
| 主題: | |
| 標簽: |
添加標簽
沒有標簽, 成為第一個標記此記錄!
|
| Thư viện lưu trữ: | Trung tâm Học liệu Lê Vũ Hùng, Trường Đại học Đồng Tháp |
|---|
| LEADER | 00813pam a22003018a 4500 | ||
|---|---|---|---|
| 001 | 00035805 | ||
| 005 | 20171026081025.0 | ||
| 008 | 161229s2014 ||||||Viesd | ||
| 020 | # | # | |c 150000 |a 978 604 910 001 6 |
| 041 | 0 | # | |a Vie |
| 082 | 1 | 4 | |a 782.42 |b T527T |
| 245 | 0 | 0 | |a Tuyển tập những bài ca không năm tháng |
| 250 | # | # | |a Tái bản lần thứ 10 |
| 260 | # | # | |a Huế |b Âm nhạc |c 2014 |
| 300 | # | # | |a 278tr. |c 25cm. |
| 600 | 1 | 4 | |a Trịnh, Công Sơn |
| 653 | # | # | |a Bài ca |
| 653 | # | # | |a Tuyển tập |
| 653 | # | # | |a Âm nhạc |
| 852 | # | # | |b Kho đọc |j KD.0017217 |
| 852 | # | # | |j KD.0017217 |
| 910 | |d 29/12/2016 | ||
| 980 | # | # | |a Trung tâm Học liệu Lê Vũ Hùng, Trường Đại học Đồng Tháp |